BTS General Knowledge - Statistics

General Stats
  • This quiz has been taken 8,558 times
  • The average score is 14 of 16
Answer Stats
Questions Answer % Correct
How many members are there? 7
100%
Who is the oldest? Jin
99%
Who is the youngest (maknae)? Jungkook
99%
How many of the members are rappers? 3
97%
How many of the members are vocalists? 4
97%
What's the official name for the fandom? ARMY
97%
Who is the leader? RM
97%
Who was born on Febuary 18, 1994? J-hope
94%
What is V's real name? Kim Taehyung
94%
Who was the last member to join BTS? Jimin
93%
What TV show did the leader use to learn English? Friends
88%
When did they debut? 13/06/2013
87%
What is Suga's solo rapper name? Agust D
86%
What is the official name of BTS' light stick? ARMY bomb
76%
What's the name of their first album? 2 Cool 4 Skool
46%
What award did they win at the 2017 Billboard Music Awards? Top Social Artist
32%
No matching quizzes found
Score Distribution
Percent of People with Each Score
Percentile by Number Answered
Your Score History
You have not taken this quiz